000 00224nam a2200085Ia 4500
008 220214s9999 xx 000 0 und d
245 0 _aCivil list of Indian Administrative service
260 _bGovt of India
_aNew Delhi
942 _cBJ
999 _c497
_d497